000 00214nam a22000857a 4500
999 _c11486
_d11486
008 190527b ||||| |||| 00| 0 eng d
020 _a9789384603618
100 _97204
_aGOPINATHAN P
245 _aHANDBALL STEP TO SUCCESS